Jawaharlal Nehru,an autobiography (Record no. 27633)

000 -LEADER
fixed length control field 00365nam a22001337a 4500
008 - FIXED-LENGTH DATA ELEMENTS--GENERAL INFORMATION
fixed length control field 250213b ||||| |||| 00| 0 eng d
082 00 - DEWEY DECIMAL CLASSIFICATION NUMBER
Classification number 920
Item number N315
100 ## - MAIN ENTRY--PERSONAL NAME
9 (RLIN) 1749
Personal name Nehru, Jawaharlal
245 10 - TITLE STATEMENT
Title Jawaharlal Nehru,an autobiography
260 ## - PUBLICATION, DISTRIBUTION, ETC. (IMPRINT)
Place of publication, distribution, etc London:
Name of publisher, distributor, etc Bodley Head,
Date of publication, distribution, etc 1953.
300 ## - PHYSICAL DESCRIPTION
Extent 623 p.
650 #0 - SUBJECT ADDED ENTRY--TOPICAL TERM
Topical term or geographic name as entry element Biography-J.L.Nehru
942 ## - ADDED ENTRY ELEMENTS (KOHA)
Item type Books

No items available.

Designed and Maintained by IMU-KC Library, Kolkata Campus © Copyright All Rights Reserved

webs counters

Powered by Koha